• 首页
  • 本馆介绍
  • 公告通知
  • 最新文献
  • 馆藏检索
  • 电子资源
  • 读者导购
  • 参考咨询
  • 我的图书馆
  • 登录
  • 详细信息显示
  • 放入我的书架
  • 预约/预借图书
  • 作者相关作品
  • 分类相关作品
  • 丛书相关作品
  • 出版社相关作品

书目信息

  • 表格格式
  • 工作单格式
  • 卡片格式
题名:
唐史十二讲
    
 
作者: 黄永年 著
分册:  
出版信息: 北京   中华书局  2015
页数: 11,211页
开本: 24cm
丛书名:
单 册:
中图分类: K242.07
科图分类:
主题词: 中国历史--研究--唐代
电子资源:
ISBN: 978-7-101-10733-3
000 00828nam0 2200229 450
001 012001003857
005 20140926114741.0
010    @a978-7-101-10733-3@b精装@dCNY45.00
100    @a20150920d2015 em y0chiy50 ea
101 0  @achi
102    @aCN@b110000
105    @aa z 000yy
106    @ar
200 1  @a唐史十二讲@9tang shi shi er jiang@e典藏本@f黄永年著
210    @a北京@c中华书局@d2015
215    @a11,211页@c图@d24cm
330    @a本书选取12个话题,集中再现唐朝历史与社会的风貌。包括重大历史事件、历史人物、唐代经济问题及社会问题,如:玄武门之变、安史之乱、武则天、唐玄宗、杨贵妃、两税法的实施、长安的饮食、唐代的家具等。
606 0  @a中国历史@x研究@z唐代
690    @aK242.07@v5
701  0 @a黄永年@9huang yong nian@f(1925-2007)@4著
801  0 @aCN@b上海新华@c20180901
905    @b1163678-82@dK242.07@e43@f5
    
    唐史十二讲:典藏本/黄永年著.-北京:中华书局,2015
    11,211页:图;24cm
    
    
    ISBN 978-7-101-10733-3(精装):CNY45.00
    本书选取12个话题,集中再现唐朝历史与社会的风貌。包括重大历史事件、历史人物、唐代经济问题及社会问题,如:玄武门之变、安史之乱、武则天、唐玄宗、杨贵妃、两税法的实施、长安的饮食、唐代的家具等。
●
相关链接 在E读中查询图书 在五车中查询图书 在当当中查询图书 在豆瓣中查询图书


正题名:唐史十二讲     索取号:K242.07/43         预约/预借

序号 登录号 条形码 馆藏地/架位号 状态 备注
1 1163678   211636782   第二样本阅览室/ [索取号:K242.07/43] 在馆    
2 1163679   211636791   密集书库-史法系/ [索取号:K242.07/43] 在馆    
3 1163680   211636808   第二借阅区/ [索取号:K242.07/43] 在馆    
4 1163681   211636817   第二借阅区/ [索取号:K242.07/43] 在馆    
5 1163682   211636826   第二借阅区/ [索取号:K242.07/43] 在馆    
唐山师范学院图书馆 欢迎您!
大连网信软件有限公司© 版权所有